000 00293nam a2200109Ia 4500
008 200302s9999 xx 000 0 und d
100 _ajulie Decker & Others
245 _aQuonset Hut Metal Living for A Modern Age
260 _bPrinceton Architectural Press
260 _c2005
300 _a165 P.,
999 _c5140
_d5140